000 00671nam a2200181Ia 4500
008 100917s9999 xx 000 0 und d
082 _b64700
100 _aलिमये माधव - अनु.
245 _aसमाजवादाचे भवितव्य
260 _bसाहित्य आणि संस्कृती मंडळ प्रकाशन
_c1978
300 _a555
365 _b23
520 _aअर्थशास्त्र
630 _aसमाजवादाचे भवितव्य
650 _aअर्थशास्त्र
730 _aसमाजवादाचे भवितव्य
942 _cBOOK
999 _c670094
_d670091